000
00332nam a2200133Ia 4500
008
191201s2000 xx 000 0 und d
082
_a
658.18
_b
CZI
100
_a
CZINKOTA,Michael R.
245
0
_a
International Business Update 2000
260
_a
N.Delhi
_b
Dryden Press
_c
2000
300
_a
589+40
650
_a
MBA
942
_2
ddc
_c
BK
999
_c
4222
_d
4222